| 000 | 00950nam a2200253Ia 4500 | ||
|---|---|---|---|
| 003 | OSt | ||
| 005 | 20221005104756.0 | ||
| 006 | a|||||r|||| 00| 0 | ||
| 007 | ta | ||
| 008 | 221004b |||||||| |||| 00| 0 hin d | ||
| 024 | _a27448 | ||
| 037 |
_bGift, 27/07/2016, _cTextual |
||
| 040 |
_aCRL _cCRL _bhin |
||
| 041 |
_2hin _ahin |
||
| 082 | _aO15:gxF20,1:g, 152N6 | ||
| 100 | _aमिश्र, देवेंद्र | ||
| 245 | 0 | _aअलंकार सर्वस्व की टीकाओं का अध्ययन | |
| 246 | _aAlankār sarvasva kī ṭīkāoan kā adhyayana | ||
| 260 |
_aदिल्ली _bवेंकटेश प्रकाशन भारत _c1996 |
||
| 300 |
_a267पृ0 _ccm. |
||
| 650 | _aसंस्कृत साहित्य | ||
| 942 |
_hO15:gxF20,1:g, 152N6 _cTEXL _2cc |
||
| 999 |
_c1013751 _d1013751 |
||